|
|
|
|
| LEADER |
01034cam a2200301 7i4500 |
| 001 |
0000036182 |
| 005 |
20191211090000.0 |
| 007 |
##ta |
| 008 |
191211s20182017be ac e 000 0 eng d |
| 020 |
# |
# |
|a 9789401445214
|
| 040 |
# |
# |
|a MATR
|
| 090 |
0 |
0 |
|a B 658.8342
|b VAN
|
| 100 |
1 |
# |
|a Van Belleghem, Steven
|e author
|
| 245 |
1 |
0 |
|a CUSTOMERS THE DAY AFTER TOMORROW :
|b How to Attract Customers in a World of Al, Bots and Automation
|c Steven Van Belleghem ; [translation, Ian Connerty].
|
| 250 |
0 |
0 |
|a Second Edition : January 2018.
|
| 264 |
# |
1 |
|a Leuven, Belgium:
|b LanooCampus Publishers,
|c 2018.
|
| 264 |
# |
4 |
|a ♭2017.
|
| 300 |
# |
# |
|a 264 pages:
|b colour illustration, portraits;
|c 21 cm.
|
| 336 |
# |
# |
|a text
|2 rdacontent
|
| 337 |
# |
# |
|a unmediated
|2 rdamedia
|
| 338 |
# |
# |
|a volume
|2 rdacarrier
|
| 650 |
# |
0 |
|a Artificial intelligence
|
| 650 |
# |
0 |
|a Marketing
|
| 650 |
# |
0 |
|a Automation
|
| 650 |
# |
0 |
|a Electronic commerce
|
| 650 |
# |
0 |
|a Consumer behavior
|
| 700 |
1 |
# |
|a Connerty, Ian
|
| 999 |
|
|
|a B000040919
|b Book
|c Book
|e Business Information Centre
|